000 02819nam a2200433 i 4500
001 59603
003 FINmELB
005 20241217142021.0
006 m o u
007 cr cn|||||||||
008 220303s2021 ck a ob 000 0 spa d
020 _a978-958-789-245-1
_q(e-book)
035 _a(OCoLC)1304901317
040 _aFINmELB
_bspa
_erda
_cFINmELB
050 4 _aHF5415
_b.G573 2021
082 0 4 _a658.8
_223
100 1 _aGiraldo Oliveros, Mario Eduardo,
_eautor.
245 1 0 _aMarketing :
_buna versión gráfica /
_cMario Eduardo Giraldo Oliveros, Mauricio Ortiz Velásquez, Marisabella De Castro Abello.
264 1 _aBarranquilla, Colombia :
_bEditorial Universidad del Norte,
_c2021.
300 _a1 recurso en línea (213 páginas) :
_bilustraciones a color
336 _atexto
_btxt
_2rdacontent/spa
337 _acomputadora
_bc
_2rdamedia/spa
338 _arecurso en línea
_bcr
_2rdacarrier/spa
490 1 _aColección Textos guía UN
504 _aIncluye referencias bibliográficas.
505 0 _aPÁGINA LEGAL -- CONTENIDO -- PREFACIO -- CONCEPTOS FUNDAMENTALES -- DEFINICIÓN DE MARKETING -- CONCEPTOS FUNDAMENTALES DE MARKETING -- ORIENTACIONES DE GERENCIA DE MARKETING -- PRÁCTICAS DE MARKETING -- ANÁLISIS DE OPORTUNIDADES EN EL MERCADO DE LOS CONSUMIDORES -- AMBIENTE DE MARKETING -- COMPORTAMIENTO DEL CONSUMIDOR -- SISTEMAS DE INFORMACIÓN DE MARKETING -- SEGMENTO, MERCADO META Y POSICIONAMIENTO -- SEGMENTACIÓN -- MERCADO META -- POSICIONAMIENTO -- MEZCLA DE MARKETING -- PLANEACIÓN -- PLANEACIÓN DE MARKETING -- MODELOS ESTRATÉGICOS -- EL PLAN DE MARKETING -- REFERENCIAS.
520 _aEste libro introduce los conceptos, herramientas y estrategias fundacionales utilizados para administrar el proceso de marketing en las empresas desde la escuela del Marketing Management. Esta obra permite, gracias a su concepto gráfico y estilo narrativo, llegar de manera práctica y dinámica a estudiantes de diferentes programas académicos y a quienes estén interesados en conocer los principios del marketing y cómo estos se pueden aplicar en las mipymes y nuevos emprendimientos de bienes y servicios.
588 _aDescripción basada en metadatos suministrados por el editor y otras fuentes.
590 _aRecurso electrónico. Santa Fe, Arg.: elibro, 2022. Disponible vía World Wide Web. El acceso puede estar limitado para las bibliotecas afiliadas a elibro.
650 0 _aMarketing
_xPictorial works.
650 4 _aMercadeo
_xEnseñanza.
650 4 _aMercadeo
_vObras ilustradas.
655 4 _aLibros electrónicos.
700 1 _aOrtiz Velásquez, Mauricio.
700 1 _aCastro Abello, Marisabella de.
797 2 _aelibro, Corp.
830 0 _aColección Textos guía UN.
856 4 0 _uhttps://elibro.net/ereader/politecnicointernacional/185006
999 _c59603
_d59603